Statistics for SNL Cast Members - Season 6

Click here to take the quiz!

General Stats

  • This quiz has been taken 5 times
  • The average score is 9 of 15

Answer Stats

Popular Sketches/CharactersCast Member% Correct
GumbyEddie Murphy
100%
Phil LivelyCharles Rocket
80%
Jimmy CarterJoe Piscopo
80%
Rosalynn CarterAnn Risley
60%
Amy CarterDenny Dillon
60%
Mr. Mike and the Mormon Tabernacle ChoirEmily Prager
60%
Valley Girl VickieGail Matthias
60%
Leo WaxmanGilbert Gottfried
60%
Laurie Has a StoryLaurie Metcalf
60%
Mrs. TRobin Duke
60%
Dr. Jack BadofskyTim Kazurinsky
60%
Ed AsnerTony Rosato
60%
Apartment Building ConfrontationYvonne Hudson
60%
What's the Cat's Name?Matthew Laurence
40%
Bob DylanPatrick Weathers
40%

Score Distribution

Percentile by Number Answered

Percent of People with Each Score

Your Score History

You have not taken this quiz